An introduction to quantitative analysis in human geography. / (Record no. 854)

MARC details
000 -LEADER
fixed length control field 01154cam a2200265 4500
001 - CONTROL NUMBER
control field 2195590
005 - DATE AND TIME OF LATEST TRANSACTION
control field 20210414113936.0
008 - FIXED-LENGTH DATA ELEMENTS--GENERAL INFORMATION
fixed length control field 730522r19731968nyu b 001 0 eng
010 ## - LIBRARY OF CONGRESS CONTROL NUMBER
LC control number 73008771
020 ## - INTERNATIONAL STANDARD BOOK NUMBER
International Standard Book Number 007072251X
040 ## - CATALOGING SOURCE
Original cataloging agency DLC
Transcribing agency DLC
Modifying agency DLC
050 00 - LIBRARY OF CONGRESS CALL NUMBER
Classification number HF1025.Y4
082 00 - DEWEY DECIMAL CLASSIFICATION NUMBER
Classification number 330.9
100 1# - MAIN ENTRY--PERSONAL NAME
Personal name Yeates, Maurice.
245 13 - TITLE STATEMENT
Title An introduction to quantitative analysis in human geography. /
Statement of responsibility, etc. Maurice Yeates,
260 ## - PUBLICATION, DISTRIBUTION, ETC.
Place of publication, distribution, etc. New York:
Name of publisher, distributor, etc. McGraw-Hill,
Date of publication, distribution, etc. [1973, c1974].
300 ## - PHYSICAL DESCRIPTION
Extent xiv, 300 p.:
Other physical details ill.;
Dimensions 23 cm.
490 0# - SERIES STATEMENT
Series statement McGraw-Hill series in geography
500 ## - GENERAL NOTE
General note Published in 1968 under title: An introduction to quantitative analysis in economic geography.
504 ## - BIBLIOGRAPHY, ETC. NOTE
Bibliography, etc. note Bibliography: p. 267-281.
505 ## - FORMATTED CONTENTS NOTE
Formatted contents note Contents: Introduction -- The Description of geographic data -- Sampling -- Simple correlation and regression -- Multiple regression -- Surfaces and regions and the analysis of variance -- Time and diffusion -- Nonparametric statistics -- Factorial analysis -- Spatial allocation models.
650 #0 - SUBJECT ADDED ENTRY--TOPICAL TERM
Topical term or geographic name entry element Economic geography
General subdivision Methodology.
906 ## - LOCAL DATA ELEMENT F, LDF (RLIN)
a 7
b cbc
c orignew
d 1
e ocip
f 19
g y-gencatlg
942 ## - ADDED ENTRY ELEMENTS (KOHA)
Source of classification or shelving scheme Library of Congress Classification
Koha item type Books
Holdings
Withdrawn status Lost status Source of classification or shelving scheme Damaged status Not for loan Home library Current library Shelving location Date acquired Total Checkouts Full call number Barcode Date last seen Copy number Price effective from Koha item type
    Library of Congress Classification     WISCONSIN INTERNATIONAL UNIVERSITY COLLEGE, GHANA - MAIN LIBRARY WISCONSIN INTERNATIONAL UNIVERSITY COLLEGE, GHANA - MAIN LIBRARY General Stacks 10/05/2012   HF1025.Y4 2026/12 10/05/2012 1 10/05/2012 Books

If you have any concerns or questions; kindly contact the library


© Powered by WIUC ICT DIRECTORATE